000 004520000a22001810004500
003 MACL
005 20150725173718.0
008 150725b xxu||||| |||| 00| 0 eng d
040 _aMACL
_cMACL
041 _aEnglish
082 _a330/HAU
100 _aHauser, Walter
_92447
245 _aSahajanabad on Agricultural Labour And the Rural Poor
260 _bManohar
_c1994
_aDelhi
350 _a250
650 _aEconomics
_92455
942 _cBK
_k330
_2ddc
999 _c3565
_d3565